MARC

LEADER 00000cam a2200000 7i4500
001 0000003198
005 20050310.0
020 0 0 |a 9839319000 
090 0 0 |a 684.08068   |b RAT 
100 0 0 |a Ratnasingam, Jegatheswaran 
245 0 0 |a The tearful woodworker   |c Jegatheswaran Ratnasingam, Ismail Bin Hashim, Alaganathan Ganapathi. 
260 0 0 |a [S.l.] :   |b Penerbit Universiti Pertanian Malaysia, ,   |c [199-] 
300 |a xii, 87 p. ;   |c 25 cm. 
440 0 0 |a Discovering the wood industry: v.2 
650 0 0 |a Woodworking industries   |x Handbooks, manuals, etc. 
650 0 0 |a Woodwork   |x Handbooks, manuals, etc. 
700 0 1 |a Alaganathan Ganapathi. 
700 0 1 |a smail Bin Hashim 
999 |a 6121   |b Monograph   |c Open Shelf   |e Default branch